| 000 | 00670cab a2200241 4500 | ||
|---|---|---|---|
| 001 | ABS46103 | ||
| 008 | 090401t1992 xxu||||| |||| 00| 0 eng d | ||
| 035 | _a(Sirsi) u56836 | ||
| 041 | _aeng | ||
| 245 | _aOriginal tenant`s liability | ||
| 260 | _c1992 | ||
| 350 | _a0 | ||
| 490 |
_aNew Law Journal _v142(6549) 20 March 1992, 392-393(2) |
||
| 520 | _aDiscusses the liability of original tenants of assigned leases. | ||
| 650 | _aASSIGNMENT | ||
| 650 | _aCITY OF LONDON V FELL | ||
| 650 | _aLIABILITY | ||
| 650 | _aOFFER BACK CLAUSES | ||
| 650 | _aORIGINAL TENANT | ||
| 690 | _aLANDLORD AND TENANT-BUSINESS TENANCIES | ||
| 942 | _n0 | ||
| 948 | _c04/03/1997 | ||
| 999 |
_c34695 _d34695 |
||